000 00287nam a2200109Ia 4500
005 20251222154309.0
008 251222s9999||||xx |||||||||||||| ||spa||
082 _a869.56/Z74
100 _a"Zevallos de la Puente, Andrés"
245 0 _aAntología de la poesía cajamarquina
942 _cLIB
999 _c33324
_d33324